|
|
|
|
| LEADER |
00000naa a2200000uu 4500 |
| 001 |
vtls011074069 |
| 003 |
SK-MaSNL |
| 005 |
20260302134705.0 |
| 008 |
210908|2002 xo |||||||||||||||||eng| |
| 015 |
|
|
|a SNBRA
|
| 035 |
|
|
|a (urnnbn)urn:nbn:sk:snk:ar-a0ccyf
|
| 035 |
|
|
|a (uuid)e676111b-7d16-4b6e-af3c-a21c7ae4ccfb
|
| 035 |
|
|
|a urn:nbn:sk:snk-aavj66
|
| 040 |
|
|
|a SNKBUCL
|b slo
|c SNKBUCL
|e AACR2
|
| 041 |
0 |
|
|a eng
|
| 044 |
|
|
|a xo
|c SK
|
| 100 |
1 |
|
|a Borkowski, Stanislaw
|4 aut
|9 331691
|
| 245 |
1 |
0 |
|a Resistance onto abrasion of the AK7 alloy after its processing in a casting mould with exothermic mixture
|c Stanisław BORKOWSKI, Małgorzta PIETRZYK
|
| 700 |
1 |
|
|a Pietrzyk, Małgorzta
|4 aut
|9 822525
|
| 773 |
0 |
|
|t Intertribo 2002
|d Bratislava : Dom techniky ZSVTS, 2002
|g S. 197-200
|z 8023304763
|
| 958 |
|
|
|a OND
|
| 958 |
|
|
|a article12
|
| 958 |
|
|
|a chapter
|
| 999 |
|
|
|c 1323313
|d 1325243
|